[Event "II TORNEIO INTERNO CXG 2026"]
[Site "Av. Churchill, 109 sl 101 - C"]
[Date "2026.04.30"]
[Round "3.3"]
[White "Sirlei, Pereira Azevedo"]
[Black "Leo, Ramos Simoes"]
[Result "0-1"]
[WhiteElo "1956"]
[BlackElo "2006"]
[Annotator "Chessbase-Stockfish 18"]
[PlyCount "84"]
[EventDate "2026.??.??"]

{[%evp 0,84,19,16,28,-16,34,37,51,75,75,-43,-47,-49,-16,-16,-4,-13,24,5,25,7,65,16,25,20,20,-47,2,10,24,15,20,0,29,-130,-106,-183,-24,-78,-105,-164,-94,-300,-232,-289,-252,-343,-217,-277,-275,-346,-198,-198,-219,-369,-369,-371,-280,-278,-278,-380,-225,-294,-282,-282,-279,-400,-266,-551,-315,-531,-531,-610,-575,-575,-701,-701,-1038,-1038,-1042,-1042,-1095,-29995,-29996,-29997,-29998]} 1. d4 Nf6 2. c4 g6 3. Nc3 d5 4. cxd5 Nxd5 5. Nxd5 Qxd5 6. e3 Bg7 7. Nf3 O-O 8. Be2 (8. b3) 8... b6 $6 {Inaccuracy. c5 was best.} (8... c5 9. Qb3 Be6 10. Qxd5 Bxd5 11. O-O Rd8 12. Rd1 cxd4 13. Nxd4 Nc6 14. b3) 9. b3 Bb7 10. O-O {The position is equal.} c5 (10... Qd6 11. a4 Nd7 12. Ba3 Qf6 13. Rc1 Rac8 14. Qd2 Rfe8 15. Rfd1 e5 16. dxe5 Nxe5 17. Nxe5 Qxe5 18. Bb4 c5 19. Bc3 Qg5 20. g3 Bxc3 21. Qxc3 Rcd8 22. Bf1 Qg4 23. Rxd8 Rxd8 24. Qf6 Rd2 25. Rc4 {Alavkin,A (2367)-Guzman Lozano,C (1868) chess.com INT 2024 ½-½ (31)}) 11. Bc4 Qe4 $146 (11... Qd6 12. Bb2 Nc6 13. Qd2 Rfd8 14. Rad1 Na5 15. Bc3 Bxf3 16. gxf3 Nc6 17. dxc5 Qxc5 18. Qb2 Bxc3 19. Qxc3 Ne5 20. Kg2 Rac8 21. b4 Qc7 22. Rxd8+ Qxd8 23. Rc1 Rxc4 24. Qb2 Rxc1 25. Qxc1 e6 26. f4 {Mezarina,L-Sandoval,G Lima 2012 0-1 (32)}) 12. Bd3 Qg4 {[%cal Rc5d4]} 13. Be2 (13. Bb2) 13... Rd8 $40 {[%cal Rc5d4] Black wants a kill.} 14. h3 Qc8 (14... Qd7 $17) 15. Bb2 $6 {Inaccuracy. Bd2 was best. [#]} (15. Bd2 Qd7 16. Rc1 cxd4 17. Nxd4 Na6 18. Bc3 Rac8 19. Bc4 Nc5 20. Bb4 e5) 15... Nc6 (15... e5 $1 $17 16. Qd2 Qf5) 16. Rc1 $15 e5 (16... Qb8 $15) 17. d5 e4 18. Bxg7 $1 Kxg7 19. Nh2 $6 {Inaccuracy. Nd2 was best.} (19. Nd2 Rxd5 (19... Ne5 20. Nxe4 Bxd5 21. Nd2 Qf5 22. Qc2 Qxc2 23. Rxc2 Rd7 24. Nb1 Be4) 20. Qc2) 19... Nb4 20. Bc4 $6 {Inaccuracy. Qe1 was best.} (20. Qe1 h5 21. a3 Nxd5 22. b4 Qe6 23. bxc5 Qf6 24. Bc4 bxc5 25. f3 Qe5) 20... Nxa2 $4 {Blunder. Bxd5 was best. [#]} (20... Bxd5 21. Qe2 Qe6 22. a3 Nc6 23. Bxd5 Rxd5 24. Rfd1 Rxd1+ 25. Qxd1 Ne5 26. Qc2) 21. Qc2 $4 {Blunder. Rc2 was best.} (21. Rc2 Nb4 22. Rd2 h5 23. f3 b5 24. fxe4 bxc4 25. bxc4 Ba6 26. Qa1+ Kg8) 21... Nxc1 $19 22. Rxc1 $2 {Mistake. Ng4 was best.} (22. Ng4 Rd6 23. Rxc1 (23. f3 h5 24. Qb2+ f6 25. fxe4 hxg4 26. e5 Qd8 27. exd6 gxh3)) 22... Qf5 23. Rd1 Rd6 24. Qc3+ f6 25. f3 Rad8 $6 {Inaccuracy. exf3 was best.} (25... exf3 26. gxf3 Qxh3 27. Qe1 Re8 28. e4 Bc8 29. f4 Qh6 30. Qe3 g5 31. f5) 26. g4 Qg5 {[%cal Rb7d5]} 27. f4 $6 {Inaccuracy. fxe4 was best.} (27. fxe4 Re8 28. Nf3 Qh6 29. Bf1 Rxe4 30. g5 Qh5 31. Bg2 Kg8 32. gxf6 Rxd5) 27... Qh4 28. g5 h6 29. gxf6+ Qxf6 30. Qc2 Qf5 $6 {Inaccuracy. Bxd5 was best.} (30... Bxd5 31. Rxd5 Rxd5 32. Qxe4 Rd1+ 33. Kg2 h5 34. Nf3 R1d7 35. Be6 Re7 36. Ng5) 31. Qc3+ Kh7 32. Ng4 h5 (32... Bxd5 33. Rxd5 Qf8 34. Qe5 $18) 33. Ne5 $6 {Inaccuracy. Kf2 was best.} (33. Kf2 R8d7 34. Kg3 Re7 35. Rf1 g5 36. b4 gxf4+ 37. Rxf4 Qg5 38. Qa1 hxg4) 33... Bxd5 34. Kg2 $6 {Inaccuracy. b4 was best.} (34. b4 Bxc4 35. Rxd6 Rxd6 36. Qxc4 Qe6 37. Qa6 Qe7 38. bxc5 bxc5 39. Qa4 a6) 34... Be6 35. Rxd6 $2 {Mistake. Bxe6 was best.} (35. Bxe6 Qxe6 36. Rg1 Rd2+ 37. Kg3 Qf6 38. Qc4 h4+ 39. Kg4 Rd1 40. Rxd1 Rxd1) 35... Qxh3+ 36. Kf2 Rxd6 37. Bxe6 Qh2+ 38. Ke1 Qg1+ 39. Ke2 Qd1+ (39... Rxe6 $2 40. Nf7 Qg2+ 41. Ke1 Qg3+ 42. Ke2 Qh2+ 43. Kf1 Qh3+ 44. Ke2 Qh2+ 45. Kf1 Qh3+ 46. Ke2 Qh2+ $17) 40. Kf2 Rd2+ 41. Kg3 $2 {Checkmate is now unavoidable. Qxd2 was best.} (41. Qxd2 Qxd2+ 42. Kf1 Qxe3 43. Nf7 Qxf4+ 44. Ke1 Kg7 45. Kd1 e3 46. Ke2 Qd4) 41... Qe1+ 42. Kh3 Qh1+ {Weighted Error Value: White=1.09/Black=0.40 PRECISÃO: BRANCAS 84% PRETAS 90%} 0-1

[Event "II TORNEIO INTERNO CXG 2026"]
[Site "Av. Churchill, 109 sl 101 - C"]
[Date "2026.04.30"]
[Round "3.4"]
[White "Wagner, Dias Fernandes"]
[Black "Rogerio Cerqueira, Felix De Mello"]
[Result "0-1"]
[WhiteElo "1800"]
[BlackElo "1854"]
[Annotator "Chessbase-Stockfish 18"]
[PlyCount "86"]
[EventDate "2026.??.??"]

{[%evp 0,86,19,19,14,20,28,25,21,15,33,42,46,-1,-1,-19,-12,-25,-3,-44,-6,0,-29,-44,-61,-64,-75,-113,-88,-82,-76,-401,-401,-405,-322,-330,-296,-343,-354,-363,-344,-375,-233,-297,-232,-253,-228,-249,-249,-229,-225,-231,-232,-237,-237,-272,-283,-305,-308,-299,-254,-242,-245,-252,-239,-248,-249,-243,-242,-274,-256,-325,-308,-403,-325,-420,-420,-458,-393,-393,-408,-412,-412,-411,-414,-414,-336,-468,-468]} 1. d4 d5 2. Nf3 Nf6 3. Bf4 e6 4. Nbd2 c5 5. e3 Nc6 6. dxc5 (6. h4 Qb6 7. dxc5 Qxb2 8. Rb1 Qa3 9. Bb5 Bxc5 10. h5 h6 11. Ne5 Bd7 12. Nxd7 Nxd7 13. c4 Nf6 14. Be5 Be7 15. cxd5 exd5 16. Qa4 Qxa4 17. Bxa4 O-O-O 18. Bxc6 bxc6 19. Ke2 Bd6 20. Bxf6 gxf6 {Carlsen,M (2832)-Erigaisi,A (2778) chess.com INT 2024 0-1 (52)}) (6. Bd3 Nh5 7. Bg5 Qb6 8. Rb1 h6 9. Bh4 cxd4 10. Nxd4 Nf4 11. exf4 Qxd4 12. Bg3 Bd6 13. Qf3 O-O 14. O-O Nb4 15. Nb3 Qf6 16. Rfd1 Nxd3 17. Rxd3 Bd7 18. Nd4 Rac8 19. Re1 Rfe8 20. Qe3 b5 {Bernard,I (2005)-Kuznecova,M (2174) Prague CZE 2024 0-1 (39)}) 6... Bxc5 7. c3 O-O $146 (7... Bd7 8. Bd3 a5 9. Qc2 h6 10. h3 O-O 11. g4 Ne8 12. h4 Bd6 13. Bxd6 Nxd6 14. Nd4 Nxd4 15. exd4 f5 16. gxf5 exf5 17. O-O-O b5 18. Qb3 Bc6 19. Rdg1 Kh8 20. Rg6 Rf6 21. h5 Nc4 22. Qd1 {Hoette,R (1690)-Wich,M (1418) Moehnesee 2005 1-0 (40)}) 8. Nb3 {Black is slightly better.} Bb6 9. Ne5 (9. Bd3 $15) 9... Nd7 10. Nxc6 (10. Nxd7 $15 Qxd7 11. Bg3) 10... bxc6 $17 11. Be2 $6 {Inaccuracy. Bd6 was best.} (11. Bd6 Re8 12. Bg3 (12. Rc1 e5 13. c4 Nf6 14. c5 Ne4 15. Bxe5 Rxe5 16. cxb6 axb6)) 11... e5 $19 12. Bg3 {[#]} f5 $1 {Hoping for ...f4.} 13. h3 $6 {Inaccuracy. Qd2 was best.} (13. Qd2 a5 14. O-O h5 15. h3 a4 16. Nc1 f4 17. exf4 Nc5 18. Bf3 h4) 13... f4 14. exf4 exf4 15. Bxf4 $2 {Mistake. Bh2 was best.} (15. Bh2 Ne5 (15... Qg5 16. O-O Ne5 17. Kh1 f3 18. gxf3 Ng6 19. Rg1 Qh4 20. Nd4 Bxh3) 16. Nd4) 15... Rxf4 16. O-O Nc5 17. Bf3 Qf6 18. Nxc5 Bxc5 19. b4 Bb6 {[%cal Bc8h3]} 20. a4 a6 $6 {[%cal Bc8h3] Inaccuracy. Bxh3 was best.} (20... Bxh3 21. a5 Bc7 22. Re1 Rf8 23. Re3 Qg5 24. g3 R4f7 25. Qe2 h5 26. b5) 21. Bxd5+ Be6 (21... cxd5 22. Qxd5+ Qe6 23. Qxa8 $14) 22. Bxe6+ Qxe6 23. Qc2 Raf8 {aiming for ...Rxf2.} 24. Qa2 Qc4 25. Qxc4+ Rxc4 26. Rac1 c5 27. a5 Ba7 28. g3 cxb4 29. cxb4 Rxc1 30. Rxc1 Rxf2 {[#] Endgame And now ...Rc2+ would win. KRB-KR} 31. Kh1 h6 32. Rc6 Rf6 33. Rc8+ Kh7 34. Rc7 Bb8 35. Rb7 Bxg3 36. b5 Be1 37. bxa6 Rxa6 38. Rb6 $2 {Mistake. Rb1 was best.} (38. Rb1 Bxa5 39. Ra1 Ra7 40. Kg2 g6 41. Kh1 h5 42. Ra4 Bb6 43. Rb4 Bc7) 38... Rxb6 {Black mates.} 39. axb6 Ba5 40. b7 $6 {Inaccuracy. Kg2 was best.} (40. Kg2 Bxb6 41. Kg3 Bc7+ 42. Kf3 Kg6 43. Kg4 Bb8 44. Kh4 Kf5 45. Kh5 Bf4) 40... Bc7 41. Kg2 Kg6 42. Kf3 h5 43. h4 Kf5 {Weighted Error Value: White=0.36/Black=0.09 (flawless) PRECISÃO: BRANCAS 90% PRETAS 96%} 0-1

[Event "II TORNEIO INTERNO CXG 2026"]
[Site "Av. Churchill, 109 sl 101 - C"]
[Date "2026.04.30"]
[Round "3.5"]
[White "Rocine Castelo, de Carvalho"]
[Black "Jose Antonio, Marcondes De Oliv."]
[Result "0-1"]
[WhiteElo "1644"]
[BlackElo "1883"]
[Annotator "Chessbase-Stockfish 18"]
[PlyCount "34"]
[EventDate "2026.??.??"]

{[%evp 0,34,25,11,51,35,36,43,43,51,91,69,72,-9,-9,-72,-6,-31,-31,-62,-13,-84,15,3,-10,-15,-19,9,16,-135,-76,-76,-68,-110,-110,-1049,-1088]} 1. e4 {ChessBase II} c5 2. Nf3 Nc6 3. d4 cxd4 4. Nxd4 g6 5. Bc4 Bg7 6. c3 Nf6 (6... d5 7. Bxd5) 7. Qc2 (7. Qe2 {was preferrable.}) 7... d6 (7... Nxd4 8. cxd4 d5 9. Bb5+ Bd7 10. Bxd7+ Nxd7 11. e5 e6 12. Nc3 a6 13. Be3 Rc8 14. O-O O-O 15. Qd2 f6 16. f4 f5 17. Rac1 Nb6 18. b3 Re8 19. Nd1 Rxc1 20. Qxc1 Bf8 21. Rf2 Qd7 22. Nb2 {Esquinelato,M (1542)-De Haro,M (1819) Florianopolis BRA 2024 ½-½ (41)}) 8. O-O O-O 9. h3 {Black has an edge.} Bd7 10. Bg5 $146 (10. a3 e6 11. Nd2 Rc8 12. Nxc6 Bxc6 13. Bd3 Qc7 14. Nf3 Rfd8 15. Bg5 h6 16. Bh4 Rd7 17. Bg3 Rcd8 18. Rfe1 b5 19. Re2 a5 20. Rae1 Qb6 21. b3 d5 22. e5 Nh5 23. Bh2 Rc8 24. Bxg6 fxg6 {Polania Reyes,F (1697)-Aldana,O (1880) San Andres Islas 2014 EXT 2016 [ChessBase II] 1-0 (43)}) 10... Ne5 $6 {Inaccuracy. Rc8 was best.} (10... Nxd4 $15 {deserves consideration.} 11. cxd4 Rc8) (10... Rc8 11. Nxc6 Bxc6 12. Nd2 b5 13. Be2 Qc7 14. Rfe1 a5 15. Rad1) 11. Bb3 h6 (11... b5) 12. Bxf6 (12. Be3) 12... Bxf6 13. f4 Nc6 {[%cal Be5c6,Bc6d4,Bd4f5]} 14. f5 $2 {Mistake. e5 was best. [#]} (14. e5 Bg7 15. Qxg6 Qb6 16. Kh1 Qxb3 17. Qxg7+ Kxg7 18. axb3 dxe5 19. fxe5 Nxe5) 14... Bxd4+ $2 {Mistake. Nxd4 was best.} (14... Nxd4 15. cxd4 Bxd4+ 16. Kh1 Kg7 17. Nc3 Be5 18. Qd3 e6 19. Ba4 Bxa4 20. Nxa4) 15. cxd4 Nxd4 16. Qd2 Qb6 17. Qxh6 $4 {Blunder. Kh2 was best.} (17. Kh2 Kh7 18. Nc3 Nxb3 19. axb3 Qb4 20. e5 Qc5 21. Nd5 dxe5 22. fxg6+ fxg6) 17... Nxf5+ $1 {Weighted Error Value: White=1.04/Black=0.49 PRECISÃO: BRANCAS 68% PRETAS 91%} 0-1

[Event "II TORNEIO INTERNO CXG 2026"]
[Site "Av. Churchill, 109 sl 101 - C"]
[Date "2026.05.07"]
[Round "4.1"]
[White "Bernardo, Katz"]
[Black "Carlos Henrique, Luz Da Costa"]
[Result "1-0"]
[WhiteElo "2049"]
[BlackElo "1905"]
[Annotator "Chessbase-Stockfish 18"]
[PlyCount "67"]
[EventDate "2026.??.??"]

{[%evp 0,67,25,9,56,44,34,-9,60,24,28,-8,14,21,34,-5,23,23,66,40,61,17,12,1,31,31,46,59,76,28,125,106,106,106,106,106,388,388,289,264,366,335,353,353,331,354,354,344,550,307,400,400,387,363,552,552,539,616,767,679,1234,925,1374,852,1284,1284,29997,1945,1945,1945]} 1. e4 {[%cal Be2e4,Be4e5]} e6 2. Nc3 d5 3. g3 $6 {Inaccuracy. d4 was best.} (3. d4 dxe4 4. Nxe4 Nd7 5. c3 Ngf6 6. Nxf6+ Nxf6 7. Nf3 Be7) 3... b6 $6 {Inaccuracy. d4 was best.} (3... d4 4. Nce2 Nc6 (4... c5 5. f4 Nc6 6. d3 b5 7. Bg2 Nf6 8. a4) 5. d3 Nf6 6. Bg2 e5 7. h3 Bd7 8. f4 exf4 9. gxf4 Bc5 10. Nf3 Qe7 11. Ng3 O-O-O 12. O-O h5 13. Re1 g6 14. a3 Bb6 15. Bd2 h4 16. Nf1 Kb8 17. Kh2 Nh5 18. Qe2 {Cori,J (2418)-Comp Pocket Fritz 4 (2600) Villa Martelli 2009 0-1 (67)}) 4. Bg2 Bb7 5. f4 $6 $146 {Inaccuracy. exd5 was best.} (5. Qe2 d4 (5... Nf6 6. e5 Nfd7 7. f4 g6 8. Nf3 c5 9. O-O Nc6 10. b3 a6 11. Bb2 d4 12. Ne4 Qc7 13. c3 dxc3 14. Bxc3 Rg8 15. Rac1 h6 16. d4 a5 17. Rfd1 Be7 18. d5 exd5 19. Nd6+ Kf8 {Albrecht,H (2091)-Kalous,M (2076) Bayern 2008 1-0 (40)}) 6. Nd1 Nf6 7. d3 e5 8. f4 Bd6 9. fxe5 Bxe5 10. Nf3 Nbd7 11. O-O O-O 12. Nh4 Re8 13. Nf5 Nf8 14. Nf2 g6 15. Nh6+ Kg7 16. Nfg4 Bc8 17. Bg5 Bxg4 18. Nxg4 N8d7 19. Rf2 Re6 {Porth,H (2107)-Beilfuss,B (1427) Hamburg 2005 1-0}) (5. Nge2 Nf6 6. exd5 Nxd5 7. O-O Nxc3 8. Nxc3 Bxg2 9. Kxg2 Be7 10. Qf3 Nd7 11. d4 O-O 12. Rd1 Nf6 13. d5 exd5 14. Nxd5 Nxd5 15. Rxd5 Qc8 16. Bf4 Bf6 17. c3 Rd8 18. Rad1 Rxd5 19. Rxd5 c5 {Baskakov,E (2215)-Santos Flores,A (2191) chess.com INT 2024 1-0}) (5. exd5 Nf6 6. d4 (6. Nf3 Nxd5 7. Nxd5 Qxd5 8. O-O c5 9. d4 cxd4) 6... Nxd5 7. Nxd5 Bxd5 8. Nf3 Be7 9. O-O O-O 10. Be3 Nd7 11. Qd3 c5 12. c4 Bxf3 13. Bxf3 Ne5 14. Qe4 Nxf3+ 15. Qxf3 cxd4 16. Rfd1 e5 17. Bd2 Rc8 18. Rdc1 Qd7 19. b4 Qe6 {Bartsch,B (2285)-Moor,O (2225) Germany 1998 0-1}) 5... Nf6 $6 {Inaccuracy. d4 was best.} (5... d4 6. Nce2 (6. Nb5 d3 7. cxd3 Qd7 8. Nc3 Nc6 9. Nf3 Bc5 10. a3 a5 11. d4) 6... d3 7. cxd3 Qxd3) 6. e5 $1 $14 Nfd7 7. Nf3 (7. f5 $14) 7... c5 8. O-O {[%cal Bf4f5] Threatens to win with f5! White is slightly better.} a6 $2 {Mistake. d4 was best. [#]} (8... d4 9. Nb1 Be7 10. d3 O-O 11. Nbd2 b5 12. Qe2 Nc6 13. Ne4 c4 14. Bd2) 9. d3 $6 {Inaccuracy. f5 was best.} (9. f5 Nc6 10. fxe6 fxe6 11. Ne2 Be7 12. d4 Nf8 13. Be3 Qd7 14. c3 h6) 9... Be7 $16 10. Qe2 {[%cal Bf4f5]} Nc6 11. f5 Nd4 $4 {Blunder. Nf8 was best.} (11... O-O $14) (11... Nf8 12. Qf2 exf5 13. Nh4 Bxh4 14. Qxf5 Qd7 15. Qxd7+ Nxd7 16. gxh4 Nd4 17. Nxd5) 12. Nxd4 $18 cxd4 13. fxe6 fxe6 {[#]} 14. Nd1 $2 {Mistake. Bh6 was best.} (14. Bh6 Nc5 (14... Qc7 15. Bxg7 dxc3 16. Bxh8 cxb2 17. Rab1 Qc3 18. Qh5+ Kd8 19. Bf6 Nxf6) 15. Bxg7) 14... Rf8 $2 {Mistake. Qc7 was best.} (14... Qc7 15. Qh5+ g6 16. Qg4 Qxe5 17. Nf2 Qd6 18. Nh3 e5 19. Bh6 Nf6 20. Qh4) 15. Qh5+ g6 16. Qxh7 Rxf1+ 17. Bxf1 Nxe5 $6 {Inaccuracy. Nf8 was best.} (17... Nf8 18. Qh8 (18. Qg8 Qc7 19. Bh6 Qxe5 20. Nf2 Qf6 21. Re1 Qf7 22. Qh8 O-O-O 23. Qg7) 18... Qc7) 18. Qh8+ Kd7 19. Qxe5 Rc8 20. Bh3 Qg8 21. c3 Bd6 22. Qe2 (22. Qxd4 Bc5 23. Be3 (23. Bxe6+ $2 Qxe6 24. Be3 Bxd4 $19) 23... Bxd4 24. Bxd4 Rf8 $17) 22... dxc3 23. Nxc3 Bc5+ 24. Kh1 $6 {Inaccuracy. d4 was best.} (24. d4 Bxd4+ 25. Be3 Bf6 26. Re1 b5 27. Bf2 Re8 28. Qg4 Qf7 29. Bd4 Kc7) 24... d4+ 25. Ne4 Qh7 26. Bg2 {aiming for Nf6+.} Bxe4 27. Qxe4 Qh5 {(  ...Qd1+)} 28. Bf4 Bd6 29. Re1 Qf5 30. Qxd4 Qf8 31. Rf1 Qe7 32. Bxd6 {White mates.} Qh7 $2 {Checkmate is now unavoidable. Qxd6 was best.} (32... Qxd6 33. Rf7+ Ke8 34. Qxd6 Rc1+ 35. Rf1 Rxf1+ 36. Bxf1 e5 37. Kg2 e4 38. dxe4) 33. Be5+ Ke8 34. Qd6 {Weighted Error Value: White=0.26 (precise) /Black=0.74 PRECISÃO: BRANCAS 93% PRETAS 86%} 1-0

[Event "II TORNEIO INTERNO CXG 2026"]
[Site "Av. Churchill, 109 sl 101 - C"]
[Date "2026.05.07"]
[Round "4.2"]
[White "Leo, Ramos Simoes"]
[Black "Adnilton Correia, de Almeida Nogueira"]
[Result "1-0"]
[WhiteElo "2006"]
[BlackElo "1939"]
[Annotator "Chessbase-Stockfish 18"]
[PlyCount "53"]
[EventDate "2026.??.??"]

{[%evp 0,53,25,11,18,18,11,3,27,-4,7,7,9,9,28,17,26,23,184,184,184,184,184,169,444,361,455,358,320,174,172,139,201,82,78,73,110,164,576,528,550,548,555,568,649,649,643,668,671,694,725,676,920,716,761,761]} 1. e4 e5 2. Nf3 Nc6 3. Bb5 {[%cal Bf1b5,Bb5a4,Ba4b3]} a6 4. Ba4 Nf6 5. d3 b5 6. Bb3 d6 7. Ng5 d5 8. exd5 Nxd5 $4 {Blunder. Nd4 was best. [#]} (8... Nd4 9. O-O Bc5 10. Nf3 Bg4 11. Nbd2 O-O 12. Re1 Re8 13. h3 Bxf3 14. Nxf3) 9. Nxf7 $1 $18 {White has a decisive advantage.} Kxf7 (9... Bb4+ 10. Nc3) 10. Qf3+ Ke6 {And now ...Nd4 would win.} 11. Nc3 {[%cal Rb3d5]} Ncb4 $6 {Inaccuracy. Ne7 was best.} (11... Nd4 12. Bxd5+ Kd7) (11... Nce7 12. Ne4 c6 13. Ng5+ Kd7 14. Nf7 Qe8 15. Nxh8 Kc7 16. Qf7 Bd7 17. O-O) 12. a3 (12. Bxd5+ $2 {12.a3}) 12... Nxc2+ 13. Bxc2 (13. Kd1 c6 14. Kxc2 Bb7 $18) 13... c6 14. O-O Qf6 15. Qe4 (15. Qh5 g6 16. Qe2 Nxc3 17. bxc3 Kd7 $16) 15... Qg6 16. Qxg6+ $2 {Mistake. Qe2 was best.} (16. Bb3 Bb7 17. Bd2 Kd7 18. Nxd5 cxd5 19. Qxe5 (19. Bxd5 Qxe4 20. Bxe4 Bxe4 $16) 19... Rc8 $18) (16. Qe2 Nxc3 17. bxc3 Kd7 18. d4 Qe6 19. dxe5 Kc7 20. Be3 Be7 21. a4 Bb7) 16... hxg6 $16 17. Ne4 (17. Bd2) 17... Nf6 $4 {Blunder. Kd7 was best. [#]} (17... Kd7 18. b3 b4 19. a4 Nc3 20. Re1 Kc7 21. Bb2 Nxe4 22. Rxe4 Bd6 23. Bxe5) 18. Ng5+ $18 {[%cal Be4g5,Bg5f7,Bf7h8,Bh8g6,Bg6e5]} Kd5 $2 {Mistake. Ke7 was best.} (18... Ke7 19. Re1 (19. Bb3 a5 20. Re1 a4 21. Ba2 Kd7 22. Nf7 Rh5 23. Nxe5+ Kc7 24. d4) 19... Bf5) 19. Bb3+ {White is clearly winning.} Kd6 20. Nf7+ Kc7 21. Nxh8 a5 22. Nxg6 Bd6 23. Re1 Bf5 24. Nxe5 Re8 25. Bf4 Ne4 26. f3 Nf6 27. Rac1 {Weighted Error Value: White=0.23 (precise) /Black=0.64 PRECISÃO: BRANCAS 94% PRETAS 82%} 1-0

[Event "II Torneio Interno CXG 2026"]
[Site "?"]
[Date "2026.05.07"]
[Round "4.3"]
[White "Felix, Rogério"]
[Black "Gomes, José Antonio"]
[Result "1/2-1/2"]
[WhiteElo "1854"]
[BlackElo "1778"]
[Annotator "Chessbase-Stockfish 18"]
[PlyCount "109"]
[EventDate "2026.??.??"]

{[%evp 0,109,25,26,21,21,51,31,37,33,49,43,47,2,1,15,32,-26,32,10,42,10,50,52,65,68,82,66,88,67,94,27,36,31,31,-30,-32,-33,-30,-37,-33,-34,-34,-26,-18,-26,-21,-28,-31,-31,-25,-46,-42,-113,-110,-106,-102,-106,-105,-99,-98,-103,-99,-103,-122,-125,-84,-75,-81,-85,-80,-71,-71,-79,-79,-78,-89,-88,-88,-88,-88,-88,-80,-88,-72,-78,0,0,6,0,0,0,0,0,73,67,72,75,75,75,133,126,172,172,212,143,191,180,245,131,216,162]} 1. d4 Nf6 2. Nf3 d6 3. c4 g6 4. Nc3 Bg7 5. e4 Bg4 6. h3 Bxf3 7. Qxf3 O-O 8. Bd3 $6 {Inaccuracy. Be3 was best.} (8. Be3 Nc6 9. O-O-O e5 10. dxe5 Nxe5 11. Qe2 Re8 12. Kb1 Ned7) 8... c6 $6 {Inaccuracy. Nfd7 was best.} (8... Nc6) (8... Nfd7 9. d5 Bxc3+ 10. bxc3 Ne5 11. Qe3 Nxd3+ 12. Qxd3 Nd7 13. O-O Nc5 14. Qc2) 9. O-O (9. Be3 $14) 9... Nbd7 (9... Qb6 $1 {keeps the balance.}) 10. Re1 (10. Qe2 $16) 10... Qc7 (10... Qb6) 11. Be3 a5 $146 (11... Rfe8 12. Rad1 a6 13. Bf4 (13. b4 $14) (13. a3 $14) 13... e5 14. dxe5 dxe5 15. Bh2 (15. Be3) 15... Rad8 (15... Qb6 $15) 16. Be2 (16. b4) 16... Nf8 $15 17. g4 (17. Bf1 $15) 17... N6d7 (17... Qe7 $19 18. Bg3 Ne6) 18. Qg2 (18. b4 $17 {was called for.}) 18... Ne6 19. Bd3 (19. b4) 19... Nd4 20. Bb1 {aiming for Rxd4.} Nf8 21. Re3 Nfe6 22. Qf1 Ng5 (22... Nf4 23. Kh1 Qb6) 23. Kh1 (23. f4 {keeps fighting.} Nge6 24. f5) 23... Ngf3 24. Bg3 Qe7 25. Ne2 (25. Red3 {is a better defense.}) 25... Qf6 26. Red3 {Cazao,S (1800)-De Carvalho,A (1198) Florianopolis 2022 ½-½ (42)}) (11... c5 $14) 12. Qe2 Rab8 (12... e5) 13. Qd2 (13. f4) 13... e6 (13... e5) 14. Rab1 b6 15. Bh6 $6 {Inaccuracy. Bg5 was best.} (15. f3 $16) (15. Bg5 Rfc8 16. b3 Rb7 17. Rbc1 Qb8 18. Be3 e5 19. d5 cxd5 20. exd5 Nc5) 15... e5 $14 16. Bxg7 Kxg7 17. dxe5 $2 {Mistake. Bf1 was best. [#]} (17. Bf1 Qd8 18. a3 Ra8 19. Rbd1 Qe7 20. d5 c5 21. g3 Ne8 22. Bd3 Kh8) 17... dxe5 $17 18. Qe3 Nc5 19. Rbd1 Rbd8 20. Bc2 Ne6 21. Ne2 Rxd1 22. Rxd1 Rd8 23. Rxd8 Qxd8 24. Ba4 c5 (24... Qc7 $17) 25. Nc3 $6 {Inaccuracy. g3 was best.} (25. g3 h5 26. Kg2 h4 27. Bc2 Nd4 28. Qd2 Qb8 29. Nc3 hxg3 30. fxg3 b5) 25... Qd4 26. Bc6 (26. Bd1) 26... Qxc4 27. Bd5 Qd4 28. Bxe6 Qxe3 29. fxe3 fxe6 {Endgame KN-KN} 30. Na4 Nd7 {...c4 is the strong threat.} (30... Nxe4 $6 31. Nxb6 Nd6 32. Nd7) 31. b3 $6 {Inaccuracy. Nc3 was best.} (31. Nc3 c4 32. Nb5 Nc5 33. Nd6 c3 34. bxc3 Na4 35. Nb5 Kf6 36. Kf1 Ke7) 31... b5 {[%cal Bb6b5,Bb5b4]} 32. Nc3 b4 33. Na4 $6 {Inaccuracy. Nb1 was best.} (33. Nb1 c4 34. bxc4 Nc5 35. Kf1 Kh6 36. Ke2 Kg5 37. g3 a4 38. a3 bxa3) 33... Kf6 $6 {[%cal Bc5c4] Inaccuracy. c4 was best. Hoping for ...c4!} (33... c4 34. bxc4 Kf6 35. c5 Ke7 36. Kf2 Kd8 37. c6 Nf6 38. Nc5 Kc7 39. Nb3) 34. Kf2 h6 $2 {Mistake. c4 was best.} (34... c4 35. bxc4 Ke7 36. c5 Kd8 37. c6 Nf6 38. Nc5 Kc7 39. Nb3 a4 40. Nc5) 35. Ke2 Ke7 {[%cal Bc5c4]} 36. Nb2 {[#]} Nb6 {[%cal Bc5c4]} 37. Kd3 {Inhibits c4+.} Kd6 38. Ke2 $2 {Mistake. h4 was best.} (38. h4 Kc6 39. Kc2 Kb5 40. Nd3 Nd7 41. Nb2 h5 42. Nc4 a4 43. Nd6+ Kc6) 38... Kc6 $2 {Mistake. c4 was best. Strongly threatening ...Kb5.} (38... c4 39. bxc4 Nd7 40. Nd3 Nc5 41. Nf2 Na4 42. Kd3 Nb2+ 43. Kc2 Nxc4 44. Kb3) 39. Nd3 $2 {Mistake. Kd2 was best.} (39. Kd2 Kd6 40. Kc2 g5 41. g3 h5 42. Kd3 Kc6 43. Kc2 Kb5 44. Nd3 Nd7) 39... Kd6 $19 40. Nb2 g5 {[%cal Bc5c4]} 41. Kd3 h5 42. g3 Nd7 $2 {Mistake. Kc6 was best.} (42... Kc6 43. Kc2 c4 (43... Kb5 44. Nd3 Nd7 45. Nb2 Nf6 46. Kd3 g4 47. hxg4 Nxg4 48. Ke2) 44. bxc4 a4) 43. Nc4+ Kc6 44. Nxa5+ Kb5 45. Nc4 Kc6 46. Nd2 Nf6 $4 {Blunder. g4 was best.} (46... g4 47. hxg4 hxg4 48. Nc4 Kc7 49. Ke2 Kc6 50. Kd2 Kc7 51. Kc1 Kb7 52. Kb2) 47. Nf3 $18 g4 48. Nxe5+ Kd6 49. Nc4+ Ke7 $6 {Inaccuracy. Kc6 was best.} (49... Kc6 50. e5 Nd5 51. h4 Nb6 52. Nd6 Kd5 53. Ne4 Nc8 54. Nf6+ Kxe5 55. Nxh5) 50. h4 {White is clearly winning.} Nd7 $6 {Inaccuracy. e5 was best.} (50... e5 51. Nxe5 Ne8 52. Ng6+ Kf6 53. Nf4 Ng7 54. Kc4 Ke5 55. Kxc5 Kxe4 56. Kxb4) 51. e5 Kf7 52. Nd6+ $6 {Inaccuracy. Ke4 was best.} (52. Ke4 Nb8 53. Nb2 Na6 54. Nd3 Ke7 55. Kf4 Kd7 56. Kg5 Kc6 57. Kxh5 Kd5) 52... Ke7 53. Nc4 Kf7 54. Nd6+ Ke7 $6 {Inaccuracy. Kg6 was best.} (54... Kg6 55. Ke4 Nb6 56. Nb7 c4 57. Nc5 c3 58. Nxe6 c2 59. Nf4+ Kf7 60. Ne2) 55. Nc4 $4 {Blunder. Ke4 was best. Weighted Error Value: White=0.34/Black=0.53 PRECISÃO: BRANCAS 86% PRETAS 88%} (55. Ke4 Kf8 56. Kf4 Kg7 57. Kg5 Nxe5 58. Kxh5 Nd3 59. Ne4 Kh7 60. Kxg4 Kh6) 1/2-1/2